Word Ladder: Vegas Quiz Stats

Quiz Updated Oct 19, 2016

Challenge
Share
Tweet
Embed
Score 0/21 Timer 03:00
1 Play Today
Clue 5-Letter Word % Correct
Casino game using cards♠ POKER ♠
89.8%
Casino game using dice♥ CRAPS ♥
73.8%
Applauds at a Cirque du Soleil performanceCLAPS
67.9%
Chiantis or Merlots served to the high rollersWINES
66.6%
Casino game using balls♦ BINGO ♦
55%
Drink heavily with friends at a barBINGE
54.9%
Fried chicken serving at a food cart on the streetsWINGS
54.3%
Small drum played by a street performer on The StripBONGO
53.3%
Smacks the blackjack table to signal a ''hit''SLAPS
53%
Emulates the lead member of a lounge bandSINGS
52.8%
Burn with a cigarette at a barSINGE
52.2%
Clue 5-Letter Word % Correct
Clumsily scoops buffet food onto a plateSLOPS
48.4%
Deep ringing sounds of bells in the casinoBONGS
46.9%
Casino game using reels♣ SLOTS ♣
46.5%
Hits on the head, maybe from the mob after getting caught cheatingBONKS
38.9%
Yearns for a lucky streak while gamblingPINES
38.4%
People who kill more time than needed when playing a gamePOKES
35.6%
Makes reservations to the Bellagio hotelBOOKS
32.2%
Expressways leading into Las VegasPIKES
30.6%
Inky marks found on your card in a certain casino gameBLOTS
26.9%
Fires a worker for stealing chips from the roulette tableBOOTS
22.9%

Today's Daily Dose

Missing Word
For Dummies Books

Word Ladder
Ariana Grande

Quick Pick
1970s Authors

On This Day
June 21st II

You're not logged in!

Compare scores with friends on all Sporcle quizzes.
Join for Free
OR
Log In

You Might Also Like...

Show Comments

Extras

Top Quizzes Today


Score Distribution

Your Account Isn't Verified!

In order to create a playlist on Sporcle, you need to verify the email address you used during registration. Go to your Sporcle Settings to finish the process.

Report this User

Report this user for behavior that violates our Community Guidelines.

Details: